| 000 | 01111nam a2200277Ia 4500 | ||
|---|---|---|---|
| 003 | OSt | ||
| 005 | 20220923211215.0 | ||
| 006 | a|||||r|||| 00| 0 | ||
| 007 | ta | ||
| 008 | 220922b |||||||| |||| 00| 0 hin d | ||
| 020 |
_a9788126320318 (hbk) _c1000 |
||
| 024 | _a277,440 | ||
| 037 |
_b254, 24/10/2013, Swaraj Prakashan _cTextual |
||
| 040 |
_aARTS _cARTS _bhin |
||
| 041 |
_2hin _ahin |
||
| 082 | _aO44(Y5927):g(Y), 152Q0 | ||
| 100 |
_aठाकुर, हरिनारायण _9159639 |
||
| 245 | 0 | _aदलित साहित्य का समाजशास्त्र | |
| 246 | _aDalit sāhitya kā samājashāstra | ||
| 260 |
_aनयी दिल्ली _b भारतीय ज्ञानपीठ _c2010 |
||
| 300 |
_a554पृ. _ccm. |
||
| 490 | _aलोकोदय ग्रन्थमाला; ग्रन्थांक 990 | ||
| 650 |
_aहिन्दी साहित्य _9156264 |
||
| 942 |
_hO44(Y5927):g(Y), 152Q0 _cTEXL _2CC |
||
| 999 |
_c296869 _d296869 |
||